000
00337nam a2200145Ia 4500
008
150301s2014 xx 000 0 und d
082
_a
612
_b
P14J
100
_a
JAIN, A.K.
245
_a
TB. OF PHYSIOLOGY
250
_a
5TH
260
_b
AVICHAL PUB.
_a
INDIA
_c
2014
300
_a
611
650
_a
HUMAN PHYSIOLOGY
942
_2
ddc
_c
BK
_0
403
999
_c
6697
_d
6697